Đánh giá mức độ đáp ứng chất lượng đào tạo nguồn nhân lực cho Đồng bằng sông Cửu Long của trường Đại học Cần Thơ : Báo cáo tổng kết đề tài khoa học và công nghệ cấp Trường
Nội dung khảo sát nhu cầu và phân tích mức độ đáp ứng đào tạo nguồn nhân lực khu vực đồng bằng sông Cửu Long của trường Đại học Cần Thơ, đề xuất các giải pháp nhằm nâng cao mức độ đáp ứng đào tạo nguồn nhân lực của trường ĐHCT....
保存先:
| 第一著者: | |
|---|---|
| フォーマット: | 図書 |
| 言語: | Undetermined |
| 出版事項: |
Cần Thơ
Trường Đại học Cần Thơ
2011
|
| 主題: | |
| タグ: |
タグ追加
タグなし, このレコードへの初めてのタグを付けませんか!
|
| Thư viện lưu trữ: | Trung tâm Học liệu Trường Đại học Cần Thơ |
|---|
| LEADER | 01444nam a2200229Ia 4500 | ||
|---|---|---|---|
| 001 | CTU_203817 | ||
| 008 | 210402s9999 xx 000 0 und d | ||
| 082 | |a 658.3007 | ||
| 082 | |b Nh565 | ||
| 088 | |a T2010-08 | ||
| 100 | |a Quan, Minh Nhựt | ||
| 245 | 0 | |a Đánh giá mức độ đáp ứng chất lượng đào tạo nguồn nhân lực cho Đồng bằng sông Cửu Long của trường Đại học Cần Thơ : | |
| 245 | 0 | |b Báo cáo tổng kết đề tài khoa học và công nghệ cấp Trường | |
| 245 | 0 | |c Quan Minh Nhựt (Chủ nhiệm đề tài) ; Nguyễn Quốc Nghi, Trần Thị Bạch Yến, Phạm Lê Đông Hậu (tham gia thực hiện) | |
| 260 | |a Cần Thơ | ||
| 260 | |b Trường Đại học Cần Thơ | ||
| 260 | |c 2011 | ||
| 520 | |a Nội dung khảo sát nhu cầu và phân tích mức độ đáp ứng đào tạo nguồn nhân lực khu vực đồng bằng sông Cửu Long của trường Đại học Cần Thơ, đề xuất các giải pháp nhằm nâng cao mức độ đáp ứng đào tạo nguồn nhân lực của trường ĐHCT. | ||
| 650 | |a Người lao động,Personnel management,Quản trị nhân lực,Employees | ||
| 904 | |i Tuyến | ||
| 915 | |a KT | ||
| 980 | |a Trung tâm Học liệu Trường Đại học Cần Thơ | ||